Statistiques concernant Focus sur: Narcissa Malefoy - Harry Potter

Cliquez ici pour prendre le quiz!

Statistiques générales

  • Ce quiz a été pris 568 fois
  • Le résultat moyen est 10 sur 14

Statistiques - réponses

Informations recherchéesRéponses% Correct
Statut du sangSang-Pur
99%
FilsDrago Malefoy
98%
ÉpouxLucius Malefoy
98%
Ecole fréquentéePoudlard
96%
Maison fréquentéeSerpentard
96%
SœurBellatrix Lestrange
95%
Couleur des cheveuxBlond
83%
SœurAndromeda Tonks
82%
Première apparitionHarry Potter à l'école des sorciers
71%
Lieu de rencontre avec Harry PotterChemin de Traverse
56%
SurnomCissy
56%
PèreCygnus Black III
46%
Actrice l'interprétant dans les filmsHelen McCrory
33%
MèreDruella Rosier
32%

Distribution des résultats

Percentile par nombre de réponses

% des personnes avec chaque résultat

Votre développement - résultats

Vous n’avez pas pris ce quiz